<?xml version="1.0" encoding="UTF-8"?>
<record
    xmlns:xsi="http://www.w3.org/2001/XMLSchema-instance"
    xsi:schemaLocation="http://www.loc.gov/MARC21/slim http://www.loc.gov/standards/marcxml/schema/MARC21slim.xsd"
    xmlns="http://www.loc.gov/MARC21/slim">

  <leader>00815nam a2200241 a 4500</leader>
  <controlfield tag="001">1262</controlfield>
  <controlfield tag="003">BR-CuiBMT</controlfield>
  <controlfield tag="005">20231202184719.0</controlfield>
  <controlfield tag="008">230725s2015    peba          100 0 por d</controlfield>
  <datafield tag="020" ind1=" " ind2=" ">
    <subfield code="a">9788568825006</subfield>
  </datafield>
  <datafield tag="040" ind1=" " ind2=" ">
    <subfield code="a">BR-CuiBMT</subfield>
    <subfield code="c">BR-CuiBMT</subfield>
  </datafield>
  <datafield tag="080" ind1=" " ind2=" ">
    <subfield code="a">351.94:336.148</subfield>
    <subfield code="x">(81)</subfield>
    <subfield code="2">2007</subfield>
  </datafield>
  <datafield tag="090" ind1=" " ind2=" ">
    <subfield code="a">351.94:336.148(81)</subfield>
    <subfield code="b">A849d</subfield>
  </datafield>
  <datafield tag="110" ind1="1" ind2=" ">
    <subfield code="a">Associa&#xE7;&#xE3;o dos Membros dos Tribunais de Contas do Brasil.</subfield>
  </datafield>
  <datafield tag="111" ind1=" " ind2=" ">
    <subfield code="c"> </subfield>
  </datafield>
  <datafield tag="245" ind1="1" ind2="0">
    <subfield code="a">Diretrizes para o aprimoramento dos tribunais de contas do Brasil :</subfield>
    <subfield code="b">resolu&#xE7;&#xF5;es da Atricon /</subfield>
    <subfield code="c">Associa&#xE7;&#xE3;o dos Membros dos Tribunais de Contas do Brasil.</subfield>
  </datafield>
  <datafield tag="260" ind1=" " ind2=" ">
    <subfield code="a">Recife :</subfield>
    <subfield code="b">ATRICON,</subfield>
    <subfield code="c">2015.</subfield>
  </datafield>
  <datafield tag="300" ind1=" " ind2=" ">
    <subfield code="a">186 p. ;</subfield>
    <subfield code="c">24 cm</subfield>
  </datafield>
  <datafield tag="650" ind1=" " ind2=" ">
    <subfield code="a">Tribunal de contas</subfield>
    <subfield code="z">Brasil</subfield>
  </datafield>
  <datafield tag="650" ind1=" " ind2=" ">
    <subfield code="a">Controle externo</subfield>
    <subfield code="z">Brasil</subfield>
  </datafield>
  <datafield tag="650" ind1=" " ind2=" ">
    <subfield code="a">Controle interno</subfield>
    <subfield code="z">Brasil</subfield>
  </datafield>
  <datafield tag="942" ind1=" " ind2=" ">
    <subfield code="2">udc</subfield>
    <subfield code="c">LV</subfield>
  </datafield>
  <datafield tag="952" ind1=" " ind2=" ">
    <subfield code="0">0</subfield>
    <subfield code="1">0</subfield>
    <subfield code="2">udc</subfield>
    <subfield code="4">0</subfield>
    <subfield code="7">0</subfield>
    <subfield code="a">BIBTCEMT</subfield>
    <subfield code="b">BIBTCEMT</subfield>
    <subfield code="d">2023-12-02</subfield>
    <subfield code="l">0</subfield>
    <subfield code="o">351.94:336.148(81) A849d</subfield>
    <subfield code="p">BIBTCEMT23120072</subfield>
    <subfield code="r">2023-12-02</subfield>
    <subfield code="t">Ex. 1</subfield>
    <subfield code="w">2023-12-02</subfield>
    <subfield code="y">LV</subfield>
  </datafield>
  <datafield tag="952" ind1=" " ind2=" ">
    <subfield code="0">0</subfield>
    <subfield code="1">0</subfield>
    <subfield code="2">udc</subfield>
    <subfield code="4">0</subfield>
    <subfield code="7">0</subfield>
    <subfield code="a">BIBTCEMT</subfield>
    <subfield code="b">BIBTCEMT</subfield>
    <subfield code="d">2023-12-02</subfield>
    <subfield code="l">0</subfield>
    <subfield code="o">351.94:336.148(81) A849d</subfield>
    <subfield code="p">BIBTCEMT23120073</subfield>
    <subfield code="r">2023-12-02</subfield>
    <subfield code="t">Ex. 2</subfield>
    <subfield code="w">2023-12-02</subfield>
    <subfield code="y">LV</subfield>
  </datafield>
  <datafield tag="952" ind1=" " ind2=" ">
    <subfield code="0">0</subfield>
    <subfield code="1">0</subfield>
    <subfield code="2">udc</subfield>
    <subfield code="4">0</subfield>
    <subfield code="7">0</subfield>
    <subfield code="a">BIBTCEMT</subfield>
    <subfield code="b">BIBTCEMT</subfield>
    <subfield code="d">2023-12-02</subfield>
    <subfield code="l">0</subfield>
    <subfield code="o">351.94:336.148(81) A849d</subfield>
    <subfield code="p">BIBTCEMT23120074</subfield>
    <subfield code="r">2023-12-02</subfield>
    <subfield code="t">Ex. 3</subfield>
    <subfield code="w">2023-12-02</subfield>
    <subfield code="y">LV</subfield>
  </datafield>
  <datafield tag="952" ind1=" " ind2=" ">
    <subfield code="0">0</subfield>
    <subfield code="1">0</subfield>
    <subfield code="2">udc</subfield>
    <subfield code="4">0</subfield>
    <subfield code="7">0</subfield>
    <subfield code="a">BIBTCEMT</subfield>
    <subfield code="b">BIBTCEMT</subfield>
    <subfield code="d">2023-12-02</subfield>
    <subfield code="l">0</subfield>
    <subfield code="o">351.94:336.148(81) A849d</subfield>
    <subfield code="p">BIBTCEMT23120075</subfield>
    <subfield code="r">2023-12-02</subfield>
    <subfield code="t">Ex. 4</subfield>
    <subfield code="w">2023-12-02</subfield>
    <subfield code="y">LV</subfield>
  </datafield>
  <datafield tag="999" ind1=" " ind2=" ">
    <subfield code="c">1262</subfield>
    <subfield code="d">1262</subfield>
  </datafield>
</record>
